[Event "Asian Zonal-ch 3.5 Women 2019"]
[Site "Zi Bo"]
[Date "2019.09.05"]
[Round "2.7"]
[White "Wang, Yuehan"]
[Black "Yuan, Ye"]
[Result "0-1"]
[WhiteElo "1600"]
[BlackElo "2092"]
[Annotator "NA"]
[PlyCount "98"]
[EventDate "2019.09.05"]
[EventType "swiss"]
[EventCountry "CHN"]
[SourceTitle "playchess.com"]
[Source "ChessBase"]
[SourceQuality "1"]
[TimeControl "5400+30"]

1. e4 {[%emt 0:00:00]} c5 {[%emt 0:00:00]} 2. Nf3 {[%emt 0:00:00]} e6 {[%emt 0:00:00]} 3. d4 {[%emt 0:00:24]} cxd4 {[%emt 0:00:00]} 4. Nxd4 {[%emt 0:00:04]} Nc6 {[%emt 0:00:21]} 5. Nb5 {[%emt 0:00:35]} d6 {[%emt 0:00:05]} 6. c4 {[%emt 0:00:04]} Nf6 {[%emt 0:00:06]} 7. N1c3 {[%emt 0:00:04]} a6 {[%emt 0:00:06]} 8. Nd4 {[%emt 0:00:08]} Ne5 {[%emt 0:01:35]} 9. Be2 {[%emt 0:02:30]} Qc7 {[%emt 0:01:18]} 10. Be3 {[%emt 0:20:03]} Be7 {[%emt 0:02:26]} 11. O-O {[%emt 0:00:22]} O-O {[%emt 0:00:09]} 12. Rc1 {[%emt 0:00:10]} b6 {[%emt 0:01:00]} 13. f3 {[%emt 0:01:14]} Bb7 {[%emt 0:00:20]} 14. Qd2 {[%emt 0:00:27]} Rac8 {[%emt 0:00:35]} 15. Rfd1 {[%emt 0:00:11]} Qb8 {[%emt 0:00:45]} 16. b3 {[%emt 0:00:14]} Bd8 {[%emt 0:01:09]} 17. Bf1 {[%emt 0:00:07]} Bc7 {[%emt 0:00:33]} 18. Qf2 {[%emt 0:00:53]} Ned7 {[%emt 0:00:56]} 19. g3 {[%emt 0:00:29]} Kh8 {[%emt 0:00:39]} 20. b4 {[%emt 0:03:31]} Rg8 {[%emt 0:00:39]} 21. h4 {[%emt 0:01:36]} d5 {[%emt 0:00:56]} 22. exd5 {[%emt 0:02:27]} Bxg3 {[%emt 0:00:25]} 23. Qg2 {[%emt 0:00:27]} Bxh4 {[%emt 0:07:17]} 24. dxe6 {[%emt 0:01:15]} fxe6 {[%emt 0:00:10]} 25. Nxe6 {[%emt 0:00:34]} Qe5 {[%emt 0:00:23]} 26. Bg5 {[%emt 0:03:39]} Qxe6 {[%emt 0:09:03]} 27. Bxh4 {[%emt 0:03:59]} Ne5 {[%emt 0:00:59]} 28. Ne4 {[%emt 0:07:53]} Nxf3+ {[%emt 0:01:15]} 29. Qxf3 {[%emt 0:00:25]} Bxe4 {[%emt 0:01:18]} 30. Bh3 {[%emt 0:15:22]} Qf7 {[%emt 0:07:03]} 31. Qf1 {[%emt 0:01:54]} Rcf8 {[%emt 0:02:40]} 32. Qf2 {[%emt 0:07:17]} Qe8 {[%emt 0:03:21]} 33. Qe3 {[%emt 0:03:42]} g5 {[%emt 0:06:48]} 34. Bg3 {[%emt 0:00:22]} g4 {[%emt 0:00:50]} 35. Bf1 {[%emt 0:00:32]} Rg7 {[%emt 0:10:53]} 36. Qxb6 {[%emt 0:02:03]} Qh5 {[%emt 0:00:31]} 37. Rd8 {[%emt 0:01:30]} Qh1+ {[%emt 0:00:19]} 38. Kf2 {[%emt 0:00:06]} Qf3+ {[%emt 0:00:10]} 39. Ke1 {[%emt 0:00:55]} Qxg3+ {[%emt 0:00:04]} 40. Kd2 {[%emt 0:00:19]} Rgg8 {[%emt 0:02:51]} 41. Rxf8 {[%emt 0:02:09]} Rxf8 {[%emt 0:00:00]} 42. Re1 {[%emt 0:02:30]} Qf4+ {[%emt 0:00:43]} 43. Kc3 {[%emt 0:00:47]} g3 {[%emt 0:03:10]} 44. Qd4 {[%emt 0:00:56]} Qf3+ {[%emt 0:02:02]} 45. Kb2 {[%emt 0:00:35]} g2 {[%emt 0:00:00]} 46. Be2 {[%emt 0:00:55]} Qg3 {[%emt 0:00:24]} 47. Rd1 {[%emt 0:00:09]} Qg7 {[%emt 0:00:00]} 48. Ka3 {[%emt 0:01:19]} Ba8 {[%emt 0:00:26]} 49. c5 {[%emt 0:01:23]} Ne4 {[%emt 0:00:31]} 0-1

[Event "Asian Zonal-ch 3.5 Women 2019"]
[Site "Zi Bo"]
[Date "2019.09.05"]
[Round "2.8"]
[White "Cai Youyang"]
[Black "Zhou, Zirun"]
[Result "1-0"]
[WhiteElo "1910"]
[BlackElo "2155"]
[Annotator "ChessBase"]
[PlyCount "55"]
[EventDate "2019.09.05"]
[EventType "swiss"]
[EventCountry "CHN"]
[SourceTitle "playchess.com"]
[Source "ChessBase"]
[SourceQuality "1"]
[TimeControl "5400+30"]

1. d4 {[%emt 0:00:04]} Nf6 {[%emt 0:00:00]} 2. c4 {[%emt 0:00:04]} e6 {[%emt 0:00:00]} 3. Nc3 {[%emt 0:00:04]} d5 {[%emt 0:00:00]} 4. e3 {[%emt 0:00:15]} Bb4 {[%emt 0:02:59]} 5. a3 {[%emt 0:05:45]} Bxc3+ {[%emt 0:00:47]} 6. bxc3 {[%emt 0:00:05]} O-O {[%emt 0:04:38]} 7. Bd3 {[%emt 0:00:34]} b6 {[%emt 0:02:25]} 8. Ne2 {[%emt 0:04:09]} Ba6 {[%emt 0:02:56]} 9. cxd5 {[%emt 0:03:15]} exd5 {[%emt 0:00:09]} 10. O-O {[%emt 0:00:57]} c5 {[%emt 0:00:38]} 11. f3 {[%emt 0:00:35]} Re8 {[%emt 0:00:50]} 12. Ng3 {[%emt 0:00:24]} Qc7 {[%emt 0:07:05]} 13. Ra2 {[%emt 0:06:23]} Qb7 {[%emt 0:07:29]} 14. Re2 {[%emt 0:02:40]} Nc6 {[%emt 0:04:58]} 15. Bxa6 {[%emt 0:01:34]} Qxa6 {[%emt 0:00:08]} 16. e4 {[%emt 0:02:18]} dxe4 {[%emt 0:00:29]} 17. fxe4 {[%emt 0:00:04]} Qc4 {[%emt 0:00:12]} 18. Bg5 {[%emt 0:01:12]} Qxc3 {[%emt 0:07:26]} 19. Bxf6 {[%emt 0:00:58]} gxf6 {[%emt 0:00:08]} 20. Nf5 {[%emt 0:00:08]} Red8 {[%emt 0:06:03]} 21. Re3 {[%emt 0:01:11]} Qc4 {[%emt 0:00:13]} 22. Qg4+ {[%emt 0:00:10]} Kf8 {[%emt 0:00:04]} 23. d5 {[%emt 0:01:16]} Ne5 {[%emt 0:00:28]} 24. Qg7+ {[%emt 0:00:05]} Ke8 {[%emt 0:00:04]} 25. Qxf6 {[%emt 0:00:04]} Ng6 {[%emt 0:03:10]} 26. Ng7+ {[%emt 0:00:45]} Kd7 {[%emt 0:00:13]} 27. Qxf7+ {[%emt 0:00:03]} Kc8 {[%emt 0:00:24]} 28. Ne6 {[%emt 0:01:27]} 1-0

[Event "Asian Zonal-ch 3.5 Women 2019"]
[Site "Zi Bo"]
[Date "2019.09.05"]
[Round "2.9"]
[White "Yan, Tianqi"]
[Black "Zhang, Yuxuan"]
[Result "1-0"]
[WhiteElo "2122"]
[BlackElo "1979"]
[Annotator "ChessBase"]
[PlyCount "65"]
[EventDate "2019.09.05"]
[EventType "swiss"]
[EventCountry "CHN"]
[SourceTitle "playchess.com"]
[Source "ChessBase"]
[SourceQuality "1"]
[TimeControl "5400+30"]

1. e4 {[%emt 0:00:00]} c5 {[%emt 0:00:00]} 2. Nf3 {[%emt 0:00:00]} e6 {[%emt 0:00:00]} 3. g3 {[%emt 0:03:48]} Nc6 {[%emt 0:01:17]} 4. Bg2 {[%emt 0:00:13]} d6 {[%emt 0:04:58]} 5. O-O {[%emt 0:01:18]} Be7 {[%emt 0:01:49]} 6. Re1 {[%emt 0:04:01]} Bf6 {[%emt 0:00:44]} 7. c3 {[%emt 0:02:25]} Nge7 {[%emt 0:05:38]} 8. d4 {[%emt 0:01:20]} cxd4 {[%emt 0:00:18]} 9. cxd4 {[%emt 0:00:04]} O-O {[%emt 0:00:24]} 10. Nc3 {[%emt 0:01:41]} g6 {[%emt 0:03:26]} 11. Bh6 {[%emt 0:02:56]} Re8 {[%emt 0:00:28]} 12. Qd2 {[%emt 0:15:09]} Bh8 {[%emt 0:09:24]} 13. Rad1 {[%emt 0:02:39]} Rb8 {[%emt 0:01:42]} 14. Qc1 {[%emt 0:18:38]} b5 {[%emt 0:04:58]} 15. e5 {[%emt 0:01:30]} d5 {[%emt 0:01:44]} 16. Qf4 {[%emt 0:04:38]} Bd7 {[%emt 0:13:48]} 17. g4 {[%emt 0:02:13]} Nc8 {[%emt 0:02:06]} 18. Ng5 {[%emt 0:08:24]} Qe7 {[%emt 0:11:59]} 19. Nxd5 {[%emt 0:01:05]} exd5 {[%emt 0:00:19]} 20. Bxd5 {[%emt 0:00:05]} Nd8 {[%emt 0:03:47]} 21. e6 {[%emt 0:06:43]} fxe6 {[%emt 0:08:25]} 22. Qxb8 {[%emt 0:02:30]} Nb6 {[%emt 0:00:36]} 23. Bb3 {[%emt 0:01:20]} Nf7 {[%emt 0:00:53]} 24. Qf4 {[%emt 0:00:43]} Nxh6 {[%emt 0:02:56]} 25. Nxe6 {[%emt 0:03:20]} Nc4 {[%emt 0:07:23]} 26. Qxh6 {[%emt 0:02:00]} Qb4 {[%emt 0:00:55]} 27. Bxc4 {[%emt 0:01:38]} bxc4 {[%emt 0:00:17]} 28. a3 {[%emt 0:00:21]} Qd6 {[%emt 0:06:58]} 29. Ng5 {[%emt 0:02:09]} Rxe1+ {[%emt 0:00:27]} 30. Rxe1 {[%emt 0:00:03]} Bg7 {[%emt 0:00:07]} 31. Qxh7+ {[%emt 0:00:17]} Kf8 {[%emt 0:00:05]} 32. Qh3 {[%emt 0:01:22]} Bc6 {[%emt 0:00:57]} 33. Qg3 {[%emt 0:01:15]} 1-0

[Event "Asian Zonal-ch 3.5 Women 2019"]
[Site "Zi Bo"]
[Date "2019.09.05"]
[Round "2.10"]
[White "Zhao, Caidi"]
[Black "Hu, Yu A."]
[Result "0-1"]
[WhiteElo "1540"]
[BlackElo "2105"]
[Annotator "ChessBase"]
[PlyCount "86"]
[EventDate "2019.09.05"]
[EventType "swiss"]
[EventCountry "CHN"]
[SourceTitle "playchess.com"]
[Source "ChessBase"]
[SourceQuality "1"]
[TimeControl "5400+30"]

1. e4 {[%emt 0:00:00]} c5 {[%emt 0:05:07]} 2. Nf3 {[%emt 0:00:00]} d6 {[%emt 0:00:45]} 3. d4 {[%emt 0:00:00]} cxd4 {[%emt 0:00:40]} 4. Nxd4 {[%emt 0:00:00]} Nf6 {[%emt 0:00:12]} 5. Nc3 {[%emt 0:00:00]} a6 {[%emt 0:00:07]} 6. Be3 {[%emt 0:00:08]} e5 {[%emt 0:00:08]} 7. Nb3 {[%emt 0:00:10]} Be6 {[%emt 0:00:07]} 8. f3 {[%emt 0:00:10]} h5 {[%emt 0:00:12]} 9. Qd2 {[%emt 0:01:02]} Nbd7 {[%emt 0:00:09]} 10. Be2 {[%emt 0:04:32]} Nb6 {[%emt 0:05:49]} 11. Rd1 {[%emt 0:02:37]} Be7 {[%emt 0:01:07]} 12. O-O {[%emt 0:00:55]} O-O {[%emt 0:04:44]} 13. Qe1 {[%emt 0:01:30]} Nc4 {[%emt 0:02:37]} 14. Bc1 {[%emt 0:03:50]} b5 {[%emt 0:00:17]} 15. Kh1 {[%emt 0:03:40]} Qc7 {[%emt 0:01:02]} 16. Qg3 {[%emt 0:01:34]} b4 {[%emt 0:02:25]} 17. Nb1 {[%emt 0:04:35]} g6 {[%emt 0:02:14]} 18. Bd3 {[%emt 0:03:22]} a5 {[%emt 0:03:31]} 19. f4 {[%emt 0:06:35]} exf4 {[%emt 0:02:56]} 20. Qxf4 {[%emt 0:02:30]} Ne5 {[%emt 0:01:34]} 21. Be3 {[%emt 0:06:57]} Nh7 {[%emt 0:12:02]} 22. Bd4 {[%emt 0:07:56]} Bg5 {[%emt 0:02:54]} 23. Qg3 {[%emt 0:01:37]} Bg4 {[%emt 0:01:27]} 24. Rde1 {[%emt 0:01:23]} Qe7 {[%emt 0:00:21]} 25. Bxe5 {[%emt 0:06:31]} dxe5 {[%emt 0:00:06]} 26. Qf2 {[%emt 0:00:20]} a4 {[%emt 0:02:49]} 27. Nc1 {[%emt 0:00:37]} h4 {[%emt 0:01:09]} 28. Nd2 {[%emt 0:02:24]} h3 {[%emt 0:03:34]} 29. Nf3 {[%emt 0:02:27]} hxg2+ {[%emt 0:01:56]} 30. Qxg2 {[%emt 0:00:27]} Bxf3 {[%emt 0:07:46]} 31. Rxf3 {[%emt 0:02:17]} Bf4 {[%emt 0:07:05]} 32. Ne2 {[%emt 0:02:23]} Ng5 {[%emt 0:01:00]} 33. Rff1 {[%emt 0:00:33]} Ne6 {[%emt 0:01:33]} 34. Qh3 {[%emt 0:04:13]} Kg7 {[%emt 0:00:10]} 35. Qg4 {[%emt 0:01:32]} Rh8 {[%emt 0:00:15]} 36. Nxf4 {[%emt 0:00:11]} Nxf4 {[%emt 0:00:06]} 37. Rf3 {[%emt 0:02:57]} Rh4 {[%emt 0:00:17]} 38. Qg3 {[%emt 0:00:37]} Rah8 {[%emt 0:00:08]} 39. Rf2 {[%emt 0:01:58]} Rh3 {[%emt 0:00:28]} 40. Qg4 {[%emt 0:00:36]} Qc5 {[%emt 0:02:29]} 41. Ref1 {[%emt 0:01:32]} R8h4 {[%emt 0:03:12]} 42. Qd1 {[%emt 0:01:31]} Qe3 {[%emt 0:01:05]} 43. Qe1 {[%emt 0:02:28]} Rxh2+ {[%emt 0:00:25] Qd1 R2h3+} 0-1

[Event "Asian Zonal-ch 3.5 Women 2019"]
[Site "Zi Bo"]
[Date "2019.09.05"]
[Round "2.11"]
[White "Bai, Xue"]
[Black "Xue, Yue"]
[Result "1-0"]
[WhiteElo "2093"]
[BlackElo "1678"]
[Annotator "NA"]
[PlyCount "55"]
[EventDate "2019.09.05"]
[EventType "swiss"]
[EventCountry "CHN"]
[SourceTitle "playchess.com"]
[Source "ChessBase"]
[SourceQuality "1"]
[TimeControl "5400+30"]

1. e4 {[%emt 0:00:00]} c5 {[%emt 0:00:00]} 2. Nf3 {[%emt 0:00:00]} d6 {[%emt 0:00:00]} 3. d4 {[%emt 0:00:00]} cxd4 {[%emt 0:00:00]} 4. Nxd4 {[%emt 0:00:00]} Nf6 {[%emt 0:00:00]} 5. Nc3 {[%emt 0:00:00]} Nc6 {[%emt 0:01:21]} 6. g3 {[%emt 0:00:10]} e6 {[%emt 0:05:00]} 7. Bg2 {[%emt 0:00:08]} a6 {[%emt 0:01:33]} 8. O-O {[%emt 0:00:35]} Qc7 {[%emt 0:01:26]} 9. Re1 {[%emt 0:04:37]} Be7 {[%emt 0:00:13]} 10. Nce2 {[%emt 0:00:08]} O-O {[%emt 0:03:06]} 11. Nxc6 {[%emt 0:00:50]} bxc6 {[%emt 0:00:04]} 12. c4 {[%emt 0:00:06]} Bb7 {[%emt 0:07:51]} 13. Qc2 {[%emt 0:03:01]} Rfd8 {[%emt 0:04:17]} 14. Bf4 {[%emt 0:04:26]} Nh5 {[%emt 0:17:54]} 15. Be3 {[%emt 0:01:34]} Rac8 {[%emt 0:03:47]} 16. Rac1 {[%emt 0:05:52]} c5 {[%emt 0:03:43]} 17. Nc3 {[%emt 0:02:32]} Nf6 {[%emt 0:02:55]} 18. Qe2 {[%emt 0:01:48]} Nd7 {[%emt 0:03:08]} 19. f4 {[%emt 0:01:38]} Rf8 {[%emt 0:03:56]} 20. Bf2 {[%emt 0:02:35]} Bf6 {[%emt 0:08:39]} 21. Qd3 {[%emt 0:02:12]} Rcd8 {[%emt 0:02:22]} 22. g4 {[%emt 0:05:07]} Nb8 {[%emt 0:08:56]} 23. g5 {[%emt 0:02:31]} Be7 {[%emt 0:00:02]} 24. Qg3 {[%emt 0:01:06]} f6 {[%emt 0:09:59]} 25. Bh3 {[%emt 0:02:28]} e5 {[%emt 0:03:17]} 26. g6 {[%emt 0:01:36]} exf4 {[%emt 0:01:52]} 27. gxh7+ {[%emt 0:00:09]} Kxh7 {[%emt 0:01:12]} 28. Qh4+ {[%emt 0:00:19]} 1-0

[Event "Asian Zonal-ch 3.5 Women 2019"]
[Site "Zi Bo"]
[Date "2019.09.05"]
[Round "2.12"]
[White "Zhang, Xiao"]
[Black "Ha, Yihan"]
[Result "1-0"]
[WhiteElo "2073"]
[BlackElo "1580"]
[Annotator "NA"]
[PlyCount "75"]
[EventDate "2019.09.05"]
[EventType "swiss"]
[EventCountry "CHN"]
[SourceTitle "playchess.com"]
[Source "ChessBase"]
[SourceQuality "1"]
[TimeControl "5400+30"]

1. d4 {[%emt 0:00:00]} d5 {[%emt 0:00:00]} 2. c4 {[%emt 0:00:00]} e6 {[%emt 0:00:00]} 3. Nf3 {[%emt 0:00:00]} Nf6 {[%emt 0:00:00]} 4. g3 {[%emt 0:00:00]} Bb4+ {[%emt 0:00:00]} 5. Nbd2 {[%emt 0:00:02]} dxc4 {[%emt 0:01:28]} 6. Qc2 {[%emt 0:01:48]} O-O {[%emt 0:05:51]} 7. Qxc4 {[%emt 0:01:40]} Bxd2+ {[%emt 0:02:24]} 8. Bxd2 {[%emt 0:00:32]} c6 {[%emt 0:02:05]} 9. Bg2 {[%emt 0:00:53]} Nbd7 {[%emt 0:00:58]} 10. O-O {[%emt 0:00:57]} Nb6 {[%emt 0:06:30]} 11. Qc2 {[%emt 0:02:55]} Bd7 {[%emt 0:03:39]} 12. Ne5 {[%emt 0:04:11]} Rc8 {[%emt 0:02:58]} 13. a4 {[%emt 0:01:14]} Nbd5 {[%emt 0:10:06]} 14. e4 {[%emt 0:00:44]} Nc7 {[%emt 0:00:27]} 15. Bb4 {[%emt 0:11:56]} Re8 {[%emt 0:00:15]} 16. Nc4 {[%emt 0:01:33]} Na6 {[%emt 0:01:17]} 17. Ba3 {[%emt 0:00:31]} b5 {[%emt 0:02:24]} 18. Nd6 {[%emt 0:16:01]} b4 {[%emt 0:00:19]} 19. Qe2 {[%emt 0:05:00]} Qb6 {[%emt 0:00:54]} 20. a5 {[%emt 0:00:29]} Qxa5 {[%emt 0:11:11]} 21. Nxe8 {[%emt 0:00:53]} Rxe8 {[%emt 0:01:26]} 22. Bxb4 {[%emt 0:00:44]} Qxb4 {[%emt 0:00:12]} 23. Qxa6 {[%emt 0:00:53]} Qxd4 {[%emt 0:05:20]} 24. Qxa7 {[%emt 0:01:39]} Qxa7 {[%emt 0:19:35]} 25. Rxa7 {[%emt 0:00:52]} e5 {[%emt 0:00:19]} 26. Rd1 {[%emt 0:00:44]} Be6 {[%emt 0:02:43]} 27. Rc7 {[%emt 0:01:17]} Bb3 {[%emt 0:00:54]} 28. Ra1 {[%emt 0:00:20]} h6 {[%emt 0:02:54]} 29. Rxc6 {[%emt 0:00:15]} Rb8 {[%emt 0:00:23]} 30. f3 {[%emt 0:03:03]} Rb4 {[%emt 0:01:35]} 31. Ra8+ {[%emt 0:00:57]} Kh7 {[%emt 0:00:10]} 32. Bh3 {[%emt 0:00:07]} Nh5 {[%emt 0:07:32]} 33. Bf5+ {[%emt 0:00:38]} g6 {[%emt 0:00:10]} 34. Bxg6+ {[%emt 0:00:15]} fxg6 {[%emt 0:00:12]} 35. Rc7+ {[%emt 0:00:02]} Ng7 {[%emt 0:00:11]} 36. Raa7 {[%emt 0:00:03]} Rb6 {[%emt 0:02:47]} 37. Rxg7+ {[%emt 0:00:06]} Kh8 {[%emt 0:00:05]} 38. Rgb7 {[%emt 0:00:27]} 1-0

[Event "Asian Zonal-ch 3.5 Women 2019"]
[Site "Zi Bo"]
[Date "2019.09.07"]
[Round "5.1"]
[White "Zhu, Jiner"]
[Black "Zhai, Mo"]
[Result "1-0"]
[WhiteElo "2471"]
[BlackElo "2360"]
[Annotator "TA"]
[PlyCount "81"]
[EventDate "2019.09.05"]
[EventType "swiss"]
[EventCountry "CHN"]
[SourceTitle "playchess.com"]
[Source "ChessBase"]
[SourceQuality "1"]

{[%evp 24,81,1,0,16,17,24,14,27,8,10,9,9,6,36,39,63,64,82,82,84,84,102,33,108,92,218,205,216,222,224,206,222,208,187,149,984,772,1559,1466,1521,1429,29962,12041,29965,29966,29976,29977,29977,29969,29965,29966,29963,29966,29956,29956,29984,29985,29989,29990]} 1. e4 e5 2. Nf3 Nc6 3. Bb5 Nf6 4. O-O Nxe4 5. d4 Nd6 6. Bxc6 dxc6 7. dxe5 Nf5 8. Qxd8+ Kxd8 9. Rd1+ Ke8 10. Nc3 Be7 11. g4 Nh4 12. Nxh4 Bxh4 13. h3 Be7 {C67: Ruy Lopez: Berlin Defence: 4 0-0 Nxe4} 14. Kg2 Be6 15. Be3 a5 {[#] The position is equal.} 16. a4 $146 {[%cal Ba2a4,Ba4b5][%mdl 32]} ({Predecessor:} 16. Ne2 h5 17. f3 a4 18. Nf4 g6 19. Rd2 Rd8 20. Rxd8+ Kxd8 21. Rd1+ {½-½ (41) Karjakin,S (2727)-Wang,Y (2704) Sochi 2008}) 16... Rd8 17. Ne2 Bd5+ 18. f3 c5 19. Nc3 $36 {[%mdl 2048] Black is under pressure.} Bc6 20. Nb5 Bxb5 21. axb5 b6 22. f4 f6 23. e6 ({White should try} 23. Rxd8+ $16 Kxd8 24. Rd1+ Ke8 25. Bd2) 23... f5 (23... Bd6 $14) 24. Rxd8+ $1 $16 ({Much weaker is} 24. gxf5 $6 Rf8 $11) 24... Kxd8 {[%mdl 4096] Endgame KRB-KRB} (24... Bxd8 $16 {might work better.} 25. Rd1 (25. gxf5 Rf8 $11) 25... Rf8) 25. Rd1+ $18 ({Weaker is} 25. gxf5 Rf8 $14) 25... Bd6 26. gxf5 Rf8 {[#]} 27. Rd5 $1 g6 28. fxg6 hxg6 {[#]} 29. f5 $1 Rxf5 $2 {[%mdl 8192]} (29... gxf5 $16 30. Bg5+ Ke8) 30. Bg5+ Ke8 31. Rxf5 gxf5 {KB-KB} 32. Kf3 a4 33. Bf6 c4 34. c3 {White mates.} Bf8 35. Kf4 Bh6+ 36. Bg5 Bg7 37. Kxf5 a3 38. bxa3 Bxc3 39. h4 Bb2 40. h5 Kf8 41. h6 {Accuracy: White = 78%, Black = 31%.} 1-0

[Event "Asian Zonal-ch 3.5 Women 2019"]
[Site "Zi Bo"]
[Date "2019.09.07"]
[Round "5.2"]
[White "Bai, Xue"]
[Black "Yan, Tianqi"]
[Result "0-1"]
[WhiteElo "2093"]
[BlackElo "2122"]
[Annotator "ChessBase"]
[PlyCount "102"]
[EventDate "2019.09.05"]
[EventType "swiss"]
[EventCountry "CHN"]
[SourceTitle "playchess.com"]
[Source "ChessBase"]
[SourceQuality "1"]
[TimeControl "5400+30"]

1. e4 {[%emt 0:00:00]} c5 {[%emt 0:00:09]} 2. Nf3 {[%emt 0:00:00]} e6 {[%emt 0:00:06]} 3. d4 {[%emt 0:00:00]} cxd4 {[%emt 0:00:05]} 4. Nxd4 {[%emt 0:00:00]} a6 {[%emt 0:00:06]} 5. g3 {[%emt 0:00:27]} d5 {[%emt 0:00:10]} 6. Bg2 {[%emt 0:05:03]} dxe4 {[%emt 0:00:08]} 7. Bxe4 {[%emt 0:00:07]} e5 {[%emt 0:00:06]} 8. Nb3 {[%emt 0:00:40]} Qxd1+ {[%emt 0:00:09]} 9. Kxd1 {[%emt 0:00:05]} Nf6 {[%emt 0:00:09]} 10. Bg2 {[%emt 0:00:29]} Nc6 {[%emt 0:00:26]} 11. Re1 {[%emt 0:01:10]} Bg4+ {[%emt 0:02:56]} 12. f3 {[%emt 0:00:10]} O-O-O+ {[%emt 0:00:43]} 13. Bd2 {[%emt 0:00:25]} Bf5 {[%emt 0:01:34]} 14. Kc1 {[%emt 0:01:21]} h5 {[%emt 0:04:40]} 15. Nc3 {[%emt 0:03:47]} Nb4 {[%emt 0:16:27]} 16. Ne4 {[%emt 0:00:08]} h4 {[%emt 0:05:35]} 17. a3 {[%emt 0:08:00]} Nc6 {[%emt 0:02:23]} 18. Nxf6 {[%emt 0:02:36]} gxf6 {[%emt 0:00:03]} 19. g4 {[%emt 0:04:27]} Be6 {[%emt 0:06:13]} 20. Be3 {[%emt 0:04:54]} Bxb3 {[%emt 0:06:58]} 21. cxb3 {[%emt 0:00:07]} Nd4 {[%emt 0:00:05]} 22. Bxd4 {[%emt 0:01:13]} Rxd4 {[%emt 0:00:03]} 23. Kc2 {[%emt 0:00:47]} Bh6 {[%emt 0:00:55]} 24. Rad1 {[%emt 0:00:12]} Rhd8 {[%emt 0:00:28]} 25. Rxd4 {[%emt 0:00:59]} Rxd4 {[%emt 0:00:05]} 26. Rd1 {[%emt 0:00:36]} Rf4 {[%emt 0:04:09]} 27. h3 {[%emt 0:00:38]} f5 {[%emt 0:00:55]} 28. Re1 {[%emt 0:10:52]} f6 {[%emt 0:05:13]} 29. Re2 {[%emt 0:01:54]} Kd7 {[%emt 0:05:34]} 30. Rd2+ {[%emt 0:07:19]} Ke6 {[%emt 0:01:44]} 31. Kd1 {[%emt 0:01:32]} a5 {[%emt 0:01:25]} 32. Ke2 {[%emt 0:00:38]} a4 {[%emt 0:00:53]} 33. Rd3 {[%emt 0:00:57]} b5 {[%emt 0:02:01]} 34. bxa4 {[%emt 0:02:13]} bxa4 {[%emt 0:00:58]} 35. Rc3 {[%emt 0:10:44]} Rd4 {[%emt 0:00:58]} 36. Rc2 {[%emt 0:00:02]} Bf4 {[%emt 0:02:56]} 37. Bf1 {[%emt 0:00:49]} Kf7 {[%emt 0:02:47]} 38. gxf5 {[%emt 0:06:17]} Kg7 {[%emt 0:00:20]} 39. Kf2 {[%emt 0:00:16]} Kh6 {[%emt 0:01:00]} 40. Be2 {[%emt 0:00:19]} Kg5 {[%emt 0:02:26]} 41. Rc4 {[%emt 0:00:49]} Rd2 {[%emt 0:00:14]} 42. Rxa4 {[%emt 0:01:17]} Rxb2 {[%emt 0:00:08]} 43. Re4 {[%emt 0:01:10]} Kxf5 {[%emt 0:00:42]} 44. a4 {[%emt 0:00:38]} Ra2 {[%emt 0:00:06]} 45. Kf1 {[%emt 0:00:46]} Kg5 {[%emt 0:07:47]} 46. Bb5 {[%emt 0:02:58]} f5 {[%emt 0:03:09]} 47. Re2 {[%emt 0:00:11]} Ra3 {[%emt 0:00:11]} 48. Kg2 {[%emt 0:00:18]} Be3 {[%emt 0:00:44]} 49. Rc2 {[%emt 0:03:02]} Kf4 {[%emt 0:02:17]} 50. Rc8 {[%emt 0:05:28]} Ra2+ {[%emt 0:00:22]} 51. Kf1 {[%emt 0:00:10]} Kxf3 {[%emt 0:00:25]} 0-1